Implementácia projektového riadenia v trvalej organizácii

Vysvetlenie pojmov trvalá a prechodná organizácia. Úloha projektov v trvalej organizácii. Riadenie pomocou projektov. Prínosy projektového riadenia. Funkcia a odborná spôsobilosť manažéra projektu. Certifikácia odbornej spôsobilosti projektových manažérov.

Guardado en:
Detalles Bibliográficos
Autor principal: Trávnik, Igor
Formato: Capítulo de libro
Lenguaje:eslovaco
Materias:
Etiquetas: Agregar Etiqueta
Sin Etiquetas, Sea el primero en etiquetar este registro!

MARC

LEADER 00000naa$a2200000$$$4500
001 0049858
005 20230908105350.8
041 0 |a slo 
044 |a SK 
245 1 0 |a Implementácia projektového riadenia v trvalej organizácii  |c Igor Trávnik 
520 |a Vysvetlenie pojmov trvalá a prechodná organizácia. Úloha projektov v trvalej organizácii. Riadenie pomocou projektov. Prínosy projektového riadenia. Funkcia a odborná spôsobilosť manažéra projektu. Certifikácia odbornej spôsobilosti projektových manažérov. 
610 2 0 |a organizácie 
610 2 0 |a riadenie podnikové 
610 2 0 |a riadenie strategické 
610 2 0 |a riadenie operatívne 
610 2 0 |a riadenie projektové 
610 2 0 |a projekty 
610 2 0 |a manažéri 
100 1 |a Trávnik, Igor